İSTANBUL SOHBETLERİ. (Record no. 5624)

MARC details
000 -BAŞLIK
Sabit Uzunluktaki Kontrol Alanı 00402nam a22001697a 4500
003 - KONTROL NUMARASI KİMLİĞİ
Kontrol Alanı koha_MIRAKIL
005 - EN SON İŞLEM TARİHİ ve ZAMANI
Kontrol Alanı 20231213095545.0
008 - SABİT UZUNLUKTAKİ VERİ ÖGELERİ - GENEL BİLGİ
Sabit Alan 231213b |||||||| |||| 00| 0 ||| d
040 ## - KATALOGLAMA KAYNAĞI
Özgün Kataloglama Kurumu TR-IsEVY
Kataloglama Dili tur
Çeviri Kurumu TR-IsEVY
082 ## - DEWEY ONU SINIFLAMA SİSTEMİ
Sınıflama Numarası 910 SER/İ
100 ## - KİŞİ ADI
Yazar Adı (Kişi adı) SEROĞLU, MİDHAT.
245 #0 - ESER ADI BİLDİRİMİ
Başlık İSTANBUL SOHBETLERİ.
260 ## - YAYIN, DAĞITIM, VB.
Yayınevi Bedir,
Yayın Tarihi 1992
300 ## - FİZİKSEL TANIMLAMA
Sayfa, Cilt vb. 284.
650 ## - KONU BAŞLIĞI EK GİRİŞ - KONU TERİMİ
Konusal terim veya coğrafi ad Coğrafya.
942 ## - EK GİRİŞ ÖGELERİ (KOHA)
Source of classification or shelving scheme Dewey Decimal Classification
Koha item type Kitap
Holdings
Kayıp Durumu Sınıflandırma Kaynağı Hasarlı Durumu Kalıcı Konum Mevcut Konum Kayıt Tarih Edinim Kaynağı Toplam Ödünçverme Yer Numarası Demirbaş Numarası Son Görülme Tarihi Son Kontrol Tarihi Fatura Tarihi Materyal Türü
  Dewey Decimal Classification   ORTAOKUL KÜTÜPHANESİ ORTAOKUL KÜTÜPHANESİ 27/12/2013 Bağış 1 910 SER/İ 05689 19/01/2024 28/12/2023 30/05/2018 Kitap